000 00738nas a2200241 4500
001 BR0201415
003 BR-BrBNA
005 20231205102810.0
007 ta
008 230509b bl.|||p| |||| 00| 00por d
040 _aBR-BrBNA
_bpor
_cBiblioteca Nacional de Agricultura
041 _a(Pt)
072 _aE13
100 1 _aSilva, C.R.L. da
245 1 _aInstabilidade no mercado brasileiro de câmbio
650 _aPolítica Monetária
650 _aBalanço de Pagamento
650 _aTaxa
650 _aCrédito
773 0 _tInformações Econômicas - Instituto de Economia Agrícola (Brazil)
_xISSN 0100-4409
_g(Dec 2001), v. 31(12) p. 81-84
_wBR0201415
909 _a202311
_bLúcia
_c55
_dLúcia Elande
942 _2AGRIS
_n0
_cANA
999 _c169386
_d169386